| 000 | 00607cam a22002055a 4500 | ||
|---|---|---|---|
| 001 | L157289 | ||
| 008 | 121010e2012 xxk 000 0 eng d | ||
| 035 | _a(Sirsi) u157289 | ||
| 041 | 0 | _aeng | |
| 100 | 1 | _aPearson, Andy | |
| 245 | 0 | 0 |
_aBuilding special report _bthe human factor |
| 260 | _c2012 | ||
| 490 |
_aBuilding _v277 (8747) 5 October 2012, 52-54(3) |
||
| 520 | _aLooks at intelligent building control systems and office design, building simulation software and BIM. | ||
| 590 | _aKA | ||
| 651 | 4 |
_aUnited Kingdom _y |
|
| 690 | _aDesign and specification | ||
| 690 |
_aBIM _96219 |
||
| 942 | _n0 | ||
| 999 |
_c84319 _d84319 |
||